=LDR 00000nam 2200000 4500 =001 INLIS000000000008536 =005 20130612100405 =008 ***********************************Ind** =035 ##$$0010-061300000008536 =041 ##$$a Ind =082 ##$$a 2x4,131 =090 ##$$a 2x4.131, Fau b =100 ##$$a Al-Fauzan, Syaikh Shalih Bin Fauzan =245 ##$$a Bimbingan Meraih Kemulyaan Ramadhan, Shaikh shalih BinFauzan al-Fauzan =260 ##$$a 2001 $b Solo =300 ##$$a vi, 234 hlm, 20 cm =650 ##$$a Puasa Wajib